[Event "OGD Prinsenstad-toernooi - C groep"]
[Site "Delft"]
[Date "2009.01.03"]
[Round "3.1"]
[White "Loke, Jim"]
[Black "Van Heeren, Arie"]
[Result "0-1"]
[WhiteElo "1548"]
[BlackElo "1683"]
[Annotator "Prinsenstad-toernooi"]
[PlyCount "60"]
[EventDate "2009.01.02"]
[EventType "swiss"]
[EventRounds "6"]
[EventCountry "NED"]
[Source "DSC"]
[SourceDate "2009.01.02"]

1. g3 d6 2. Bg2 c6 3. d3 e5 4. Nd2 Nf6 5. b3 Nbd7 6. Bb2 Be7 7. e3 Qc7 8. Ne2
Nb6 9. d4 Bg4 10. Ne4 O-O 11. O-O Nbd5 12. Qe1 Bf5 13. Nxf6+ Nxf6 14. Rc1 h6
15. c4 Nh7 16. e4 Bg4 17. f3 Bd7 18. dxe5 dxe5 19. Kh1 Ng5 20. f4 exf4 21. gxf4
Ne6 22. Rd1 Rad8 23. Be5 Qb6 (23... Qc8) 24. f5 Ng5 25. f6 (25. Qg3 $1 f6 $2
26. Bc7) 25... gxf6 26. Bxf6 Bxf6 27. Rxf6 Kg7 $2 (27... Bg4) 28. e5 (28. Qc3
$1 Kh7 29. h4 $18) (28. c5 Qxc5 29. Rfd6 $18) 28... Bg4 29. h4 Qe3 30. Ng3 $4
Rxd1 (30... Rxd1 31. Nf5+ Bxf5 32. Qxd1 {En wit blijft een stuk achter.}) 0-1

[Event "OGD Prinsenstad-toernooi - C groep"]
[Site "Delft"]
[Date "2009.01.03"]
[Round "3.2"]
[White "Van der Tol, Henk"]
[Black "Lambrechts, Stan"]
[Result "1/2-1/2"]
[WhiteElo "1561"]
[BlackElo "1505"]
[PlyCount "35"]
[EventDate "2009.01.02"]
[EventType "swiss"]
[EventRounds "6"]
[EventCountry "NED"]
[Source "DSC"]
[SourceDate "2009.01.02"]

1. e4 c6 2. d4 d5 3. e5 Bf5 4. Bd3 Bg6 5. e6 Nf6 6. exf7+ Bxf7 7. Qe2 Nbd7 8.
Nf3 e6 9. Ng5 Qe7 10. O-O O-O-O 11. Re1 Re8 12. Bd2 e5 13. Nxf7 Qxf7 14. dxe5
Rxe5 15. Qd1 Bd6 16. Rxe5 Bxe5 17. Nc3 Re8 18. Qf3 1/2-1/2

[Event "OGD Prinsenstad-toernooi - C groep"]
[Site "Delft"]
[Date "2009.01.03"]
[Round "3.3"]
[White "Jaspers Focks, Martin"]
[Black "Van der Hoeven, Gerben"]
[Result "1-0"]
[WhiteElo "1513"]
[BlackElo "1564"]
[Annotator "Prinsenstad-toernooi"]
[PlyCount "73"]
[EventDate "2009.01.02"]
[EventType "swiss"]
[EventRounds "6"]
[EventCountry "NED"]
[Source "DSC"]
[SourceDate "2009.01.02"]

1. e4 c5 2. Nf3 Nc6 3. Nc3 g6 4. Bc4 Bg7 5. d3 d6 6. Bg5 Bg4 7. h3 Bxf3 8. Qxf3
Nf6 9. O-O O-O 10. Ne2 Ne5 11. Qg3 Nxc4 12. Bxf6 Bxf6 13. dxc4 Bxb2 14. Rab1
Be5 15. Qg5 Qc7 16. f4 Bf6 17. Qg4 Qc6 18. f5 b6 19. Rb3 Kg7 20. Nf4 Bd4+ 21.
Kh1 Rh8 22. Rg3 Rag8 $4 (22... Qc8 23. fxg6 $2 (23. Qg5 Qe8 24. f6+ exf6 25.
Nh5+ Kg8 26. Nxf6+ Bxf6 27. Qxf6) 23... Qxg4 24. Rxg4 hxg6 $19) 23. fxg6 hxg6
24. Nxg6 $6 (24. Ne6+ {is mat in twee:} fxe6 (24... Kh7 25. Qh4#) (24... Kh6
25. Qh4#) 25. Qxg6#) 24... Qc8 25. Nxe7+ Qxg4 26. Rxg4+ Kf8 27. Rxg8+ Rxg8 28.
Nxg8 Kxg8 29. g4 Kg7 30. Kg2 Bf6 31. Kg3 Kg6 32. h4 Bc3 33. h5+ Kg7 34. g5 Bd2
35. Kg4 Bc3 36. Rf3 Bd4 37. Ra3 1-0

[Event "OGD Prinsenstad-toernooi - C groep"]
[Site "Delft"]
[Date "2009.01.03"]
[Round "3.6"]
[White "Van der Willik, Bert"]
[Black "Gerssen, Jeanet"]
[Result "0-1"]
[WhiteElo "1354"]
[BlackElo "1354"]
[Annotator "Prinsenstad-toernooi"]
[PlyCount "64"]
[EventDate "2009.01.02"]
[EventType "swiss"]
[EventRounds "6"]
[EventCountry "NED"]
[Source "DSC"]
[SourceDate "2009.01.02"]

1. e4 c5 2. Nf3 d6 3. d4 cxd4 4. Nxd4 g6 5. Nc3 Bg7 6. Be3 Nf6 7. Bc4 O-O 8.
Qd2 Bd7 9. O-O-O Nc6 10. Kb1 Rc8 11. Bb3 a6 12. f4 b5 13. f5 Kh8 14. fxg6 hxg6
15. Qf2 Ne5 16. h3 Rxc3 17. bxc3 Kg8 18. Qh4 Qc8 19. Ne2 a5 20. a3 Nc4 21. Bc1
Qc6 22. Ng3 Be6 23. Rhe1 Rb8 24. Rd3 Nxa3+ 25. Bxa3 b4 26. Bb2 a4 27. Bxe6 fxe6
28. e5 $2 bxc3 29. exf6 Rxb2+ 30. Kc1 $4 (30. Ka1) 30... Bxf6 $2 (30... Ra2 $1)
31. Qh6 Rb1+ 32. Kxb1 Qb5+ {Diagram # En opgegeven door wit. Vermoedelijk in
de veronderstelling dat het mat gaat. Dit i niet juist:} (32... Qb5+ 33. Kc1
Bg5+ (33... Qb2+ 34. Kd1 Qb1+ 35. Qc1) 34. Qxg5 Qxg5+ $16) 0-1

[Event "OGD Prinsenstad-toernooi - C groep"]
[Site "Delft"]
[Date "2009.01.03"]
[Round "4.1"]
[White "Van Heeren, Arie"]
[Black "Roeleveld, Koos"]
[Result "1-0"]
[WhiteElo "1683"]
[BlackElo "1438"]
[Annotator "Prinsenstad-toernooi"]
[PlyCount "82"]
[EventDate "2009.01.02"]
[EventType "swiss"]
[EventRounds "6"]
[EventCountry "NED"]
[Source "DSC"]
[SourceDate "2009.01.02"]

1. e4 e6 2. d4 d5 3. e5 c5 4. c3 Nc6 5. Nf3 Qb6 6. a3 Bd7 7. b4 c4 8. Be2 a5 9.
Bb2 Nge7 10. Nbd2 Ng6 11. Bxc4 $6 dxc4 12. Nxc4 Qb5 $6 (12... Qa6 $19) 13. Qd3
Qa6 $2 (13... Qd5 $19) 14. b5 Qa7 15. bxc6 Bxc6 16. Bc1 Be7 17. Be3 O-O $4 18.
d5 $18 Qa6 19. dxc6 Qxc6 20. O-O h5 21. Nb6 Rad8 22. Qc4 Qe8 23. a4 h4 24. Qb5
h3 25. gxh3 f5 26. Qxe8 Rdxe8 27. Nd7 Rf7 28. Rab1 f4 29. Bd4 Rf5 30. Rxb7 Nh4
31. Nxh4 Bxh4 32. f3 Re7 33. Kh1 Kh7 34. Rg1 Rff7 35. Rg4 Be1 36. Nf8+ Kg8 37.
Rxe7 Rxe7 38. Ng6 Rb7 39. Nxf4 Rb1 40. Nxe6 Ra1 41. Rxg7+ Kh8 1-0

[Event "OGD Prinsenstad-toernooi - C groep"]
[Site "Delft"]
[Date "2009.01.04"]
[Round "4.3"]
[White "Bemmelmans, Kristy"]
[Black "Van der Tol, Henk"]
[Result "0-1"]
[WhiteElo "1474"]
[BlackElo "1561"]
[PlyCount "56"]
[EventDate "2009.01.02"]
[EventType "swiss"]
[EventRounds "6"]
[EventCountry "NED"]
[Source "DSC"]
[SourceDate "2009.01.02"]

1. e4 c5 2. Nf3 Nc6 3. d4 cxd4 4. Nxd4 g6 5. Be3 Bg7 6. Nc3 Nf6 7. Bc4 O-O 8.
h4 h5 9. f3 Qc7 10. Nxc6 dxc6 11. Qe2 b5 12. Bb3 b4 13. Na4 Rd8 14. Nc5 a5 15.
Rd1 Rxd1+ 16. Kxd1 Nd7 17. Bxf7+ Kxf7 18. Qc4+ e6 19. Qxe6+ Kf8 20. Qxg6 Nf6
21. g4 hxg4 22. fxg4 Bxg4+ 23. Qxg4 Qd6+ 24. Ke2 Nxg4 25. Rf1+ Kg8 26. Bg1 Re8
27. Rd1 Qe5 28. Kf3 Nf6 0-1

[Event "OGD Prinsenstad-toernooi - C groep"]
[Site "Delft"]
[Date "2009.01.03"]
[Round "4.3"]
[White "Jaspers Focks, Martin"]
[Black "Gerssen, Jeanet"]
[Result "1-0"]
[WhiteElo "1513"]
[BlackElo "1354"]
[Annotator "Prinsenstad-toernooi"]
[PlyCount "92"]
[EventDate "2009.01.02"]
[EventType "swiss"]
[EventRounds "6"]
[EventCountry "NED"]
[Source "DSC"]
[SourceDate "2009.01.02"]

1. e4 c5 2. Nf3 e6 3. Nc3 Be7 4. Bc4 d6 5. d4 cxd4 6. Qxd4 Nf6 7. e5 dxe5 8.
Qxd8+ Bxd8 9. Nxe5 O-O 10. Bg5 a6 11. O-O b5 12. Bb3 Bb7 13. Rad1 Nc6 14. Bxf6
Bxf6 15. Nd7 Bd4 16. Nxf8 Kxf8 17. Rd3 Bb6 18. Rfd1 Ne5 19. Rh3 h6 20. Re1 Ng6
21. Rd3 Nf4 22. Rd6 Bc5 23. Rd7 Bxg2 24. Ne2 Nxe2+ 25. Kxg2 Nf4+ 26. Kg3 Nh5+
27. Kf3 g5 28. h4 g4+ 29. Kg2 Nf4+ 30. Kg3 Nh5+ 31. Kg2 Nf4+ 32. Kf1 Ng6 33. h5
Nf4 34. Re5 Be7 35. c3 Bh4 36. Rd4 Bf6 37. Rxf4 Bxe5 38. Rxg4 Rd8 39. Ke2 a5
40. Re4 Bf6 41. Rf4 Bg5 42. Rd4 Rc8 43. a4 b4 44. cxb4 Bf6 45. Rf4 Ke7 46. Rc4
axb4 $4 (46... Rxc4 47. Bxc4 axb4 48. b3 $11) 1-0

[Event "OGD Prinsenstad-toernooi - C groep"]
[Site "Delft"]
[Date "2009.01.04"]
[Round "5.1"]
[White "Van Heeren, Arie"]
[Black "Jaspers Focks, Martin"]
[Result "0-1"]
[WhiteElo "1683"]
[BlackElo "1513"]
[PlyCount "68"]
[EventDate "2009.01.02"]
[EventType "swiss"]
[EventRounds "6"]
[EventCountry "NED"]
[Source "DSC"]
[SourceDate "2009.01.02"]

1. e4 e5 2. f4 exf4 3. Nf3 Be7 4. Bc4 Bh4+ 5. Kf1 d6 6. d4 Be6 7. Bxe6 fxe6 8.
Bxf4 Qf6 9. g3 g5 10. Nxh4 gxf4 11. Qh5+ Ke7 12. e5 dxe5 13. dxe5 Qh6 14. Qxh6
Nxh6 15. gxf4 Rf8 16. Ng2 Nc6 17. Ke1 Rad8 18. c3 Rd3 19. Nd2 Rg8 20. Nh4 Rg4
21. Ndf3 Rxf4 22. Ke2 Rd5 23. Ke3 Rf5 24. c4 Ng4+ 25. Ke2 Nd4+ 26. Kd3 Nf2+ 27.
Kc3 Ne2+ 28. Kc2 Rd3 29. Rhe1 Re3 30. b3 Rc3+ 31. Kb1 Nd3 32. Rf1 Nxe5 33. Nxe5
Rxe5 34. Kb2 Rd3 0-1

[Event "OGD Prinsenstad-toernooi - C groep"]
[Site "Delft"]
[Date "2009.01.04"]
[Round "5.2"]
[White "Beeren, Thom"]
[Black "Van der Berg, Bas"]
[Result "1/2-1/2"]
[WhiteElo "1739"]
[BlackElo "1950"]
[PlyCount "77"]
[EventDate "2009.01.02"]
[EventType "swiss"]
[EventRounds "6"]
[EventCountry "NED"]
[Source "DSC"]
[SourceDate "2009.01.02"]

1. e4 c6 2. d4 d5 3. e5 Bf5 4. h4 h5 5. Nf3 e6 6. Bd3 Bxd3 7. Qxd3 Qa5+ 8. Bd2
Qa6 9. Qe2 Qxe2+ 10. Kxe2 Ne7 11. Nc3 Nf5 12. Nd1 c5 13. c3 Nc6 14. Kd3 Be7 15.
Ne3 Nxe3 16. Bxe3 b6 17. Rae1 Rc8 18. a3 Na5 19. Nd2 O-O 20. b4 cxd4 21. Bxd4
Nc4 22. Nxc4 Rxc4 23. g3 Rfc8 24. f4 g6 25. Ra1 a5 26. Rhb1 a4 27. Rb2 b5 28.
Re1 Kf8 29. Re3 Ke8 30. Rbe2 Kd7 31. Kd2 Kc6 32. Kd3 Bd8 33. Rc2 Bb6 34. Ree2
Bd8 35. Re3 Be7 36. Ree2 Kd7 37. Rb2 Rf8 38. Re3 Bd8 39. Rc2 1/2-1/2

[Event "OGD Prinsenstad-toernooi - C groep"]
[Site "Delft"]
[Date "2009.01.04"]
[Round "5.2"]
[White "Van der Pluijm, Dik"]
[Black "Swarts, Robin"]
[Result "1/2-1/2"]
[WhiteElo "1455"]
[BlackElo "1517"]
[PlyCount "87"]
[EventDate "2009.01.02"]
[EventType "swiss"]
[EventRounds "6"]
[EventCountry "NED"]
[Source "DSC"]
[SourceDate "2009.01.02"]

1. e4 e6 2. d4 d5 3. Nc3 Bb4 4. e5 c5 5. a3 cxd4 6. Qxd4 Nc6 7. Bb5 Bxc3+ 8.
Qxc3 Bd7 9. Nf3 Nge7 10. Bd3 Ng6 11. O-O Rc8 12. Bg5 Qb6 13. Be3 Qc7 14. Bxg6
fxg6 15. Bf4 Ne7 16. Qxc7 Rxc7 17. c3 O-O 18. Rfd1 Rfc8 19. Be3 a6 20. a4 Nf5
21. Bb6 Rc4 22. a5 Ra4 23. Rxa4 Bxa4 24. Rd2 Rc4 25. Nd4 Nxd4 26. Rxd4 Rxd4 27.
Bxd4 Kf8 28. f4 Bb3 29. Bc5+ Ke8 30. Kf2 Bc2 31. b4 Bd3 32. Ke3 Bf1 33. g4 Bh3
34. g5 Bf1 35. Kd4 Bb5 36. Bd6 Kd7 37. Bf8 Kc6 38. Bxg7 Be2 39. Bf8 Kb5 40. f5
gxf5 41. h4 Bh5 42. Bc5 Bg6 43. Ke3 Kc4 44. Bd4 1/2-1/2

[Event "OGD Prinsenstad-toernooi - C groep"]
[Site "Delft"]
[Date "2009.01.04"]
[Round "5.7"]
[White "Sutrisno, Agus"]
[Black "Van der Willik, Bert"]
[Result "0-1"]
[WhiteElo "1499"]
[BlackElo "1354"]
[Annotator "Prinsenstad-toernooi"]
[PlyCount "54"]
[EventDate "2009.01.02"]
[EventType "swiss"]
[EventRounds "6"]
[EventCountry "NED"]
[Source "DSC"]
[SourceDate "2009.01.02"]

1. e4 e5 2. c3 Nf6 3. d3 Nc6 4. Nf3 d6 5. h3 Ne7 6. Bg5 Ng6 7. d4 Be7 8. Bxf6
Bxf6 9. d5 O-O 10. Nbd2 c6 11. c4 Qa5 12. g3 cxd5 13. cxd5 Bd8 14. b3 f5 $1 15.
Qc2 $2 (15. a3 fxe4 16. b4 Qc7 17. Nxe4 $15) 15... fxe4 16. Qxe4 Bf5 17. Qc4 e4
$1 ({Of} 17... Rc8 18. b4 Rxc4 19. bxa5 Rc5 $19) 18. b4 Qa3 ({Nog sterker is} 
18... Qb6 19. Nxe4 Rc8 20. Qd3 Re8 $19 {etc,}) 19. Nd4 e3 $1 20. fxe3 Qxe3+ 21.
Kd1 Bg5 {Zwart zet zijn stukken fraai neer.} 22. N4f3 Rac8 23. Qe2 $2 {
Nu gaat heel hard.} (23. Qb3 Bc2+ 24. Qxc2 Rxc2 25. Kxc2 Rc8+ 26. Kd1 $19 {
En ook nu gaat wit het niet meer redden.}) 23... Bc2+ 24. Ke1 Qc3 25. Qe6+ Kh8
26. Nxg5 Qxa1+ ({De andere kant was sneller:} 26... Qxg3+ 27. Ke2 Nf4#) 27. Ke2
Qd1+ (27... Qd1+ 28. Ke3 Qe1+ 29. Kd4 Qxd2+ 30. Bd3 Qxd3#) 0-1

[Event "OGD Prinsenstad-toernooi - C groep"]
[Site "Delft"]
[Date "2009.01.04"]
[Round "6.1"]
[White "Van der Tol, Henk"]
[Black "Jaspers Focks, Martin"]
[Result "1-0"]
[WhiteElo "1561"]
[BlackElo "1513"]
[PlyCount "69"]
[EventDate "2009.01.02"]
[EventType "swiss"]
[EventRounds "6"]
[EventCountry "NED"]
[Source "DSC"]
[SourceDate "2009.01.02"]

1. e4 e5 2. Nf3 Nc6 3. Bc4 Bc5 4. Nc3 Nf6 5. d3 d6 6. Be3 Bxe3 7. fxe3 Bg4 8.
a3 Nh5 9. O-O O-O 10. Qe1 Ne7 11. Qh4 Qd7 12. Ng5 Ng6 13. Rxf7 Rxf7 14. Bxf7+
Kf8 15. Bxg6 hxg6 16. Rf1+ Kg8 17. h3 Be6 18. Nxe6 Qxe6 19. Nd5 Re8 20. Nxc7
Qe7 21. Qxe7 Rxe7 22. Nd5 Re6 23. Kh2 Nf6 24. Nxf6+ Rxf6 25. Rxf6 gxf6 26. d4
b5 27. dxe5 dxe5 28. g4 Kg7 29. Kg3 g5 30. h4 gxh4+ 31. Kxh4 Kg6 32. a4 bxa4
33. c4 Kf7 34. Kh5 Ke6 35. c5 1-0

[Event "OGD Prinsenstad-toernooi - C groep"]
[Site "Delft"]
[Date "2009.01.04"]
[Round "6.2"]
[White "Swarts, Robin"]
[Black "Van Heeren, Arie"]
[Result "1/2-1/2"]
[WhiteElo "1550"]
[BlackElo "1683"]
[PlyCount "56"]
[EventDate "2009.01.02"]
[EventType "swiss"]
[EventRounds "6"]
[EventCountry "NED"]
[Source "DSC"]
[SourceDate "2009.01.02"]

1. e4 e5 2. Nf3 Nc6 3. d4 exd4 4. Nxd4 Qf6 5. Be3 Bc5 6. c3 Nge7 7. Nc2 Bxe3 8.
Nxe3 d6 9. Nd2 O-O 10. Qf3 Qg5 11. Qg3 Qxg3 12. hxg3 f5 13. Bc4+ Kh8 14. O-O-O
Ne5 15. f4 Nxc4 16. Ndxc4 fxe4 17. Rd4 Nf5 18. Nxf5 Bxf5 19. Ne3 Rae8 20. Re1
Bg6 21. b3 Re6 22. Rf1 Ref6 23. Rh1 c6 24. Rhd1 d5 25. Rh1 Bf7 26. f5 Rc8 27.
Kb2 Rd6 28. Rhd1 Rcd8 1/2-1/2

[Event "OGD Prinsenstad-toernooi - A groep"]
[Site "Delft"]
[Date "2010.04.02"]
[Round "1.1"]
[White "Fedorchuk, Sergey"]
[Black "Glimmerveen, Martin"]
[Result "1-0"]
[WhiteElo "2649"]
[BlackElo "2107"]
[PlyCount "71"]
[EventDate "2010.04.02"]
[EventType "tourn"]
[EventRounds "6"]
[EventCountry "NED"]
[Source "DSC"]
[SourceDate "2010.02.04"]

1. e4 c5 2. Nf3 Nc6 3. Bb5 g6 4. Bxc6 dxc6 5. d3 Bg7 6. h3 Nf6 7. Nc3 Nd7 8.
Be3 e5 9. Qd2 Qe7 10. Bh6 f6 11. Bxg7 Qxg7 12. Ne2 Nf8 13. b4 cxb4 14. Qxb4 Qe7
15. Qb2 Ne6 16. O-O O-O 17. Nh2 g5 18. Ng4 Nf4 19. Ng3 Be6 20. Nf5 Qd7 21. Kh2
b6 22. Nge3 Kh8 23. a4 Rab8 24. Qa3 Rfd8 25. Rad1 Qc7 26. g3 Ng6 27. Kg2 h5 28.
h4 g4 29. f3 gxf3+ 30. Rxf3 Rd7 31. Rdf1 Kh7 32. Kh2 Rg8 33. Qc1 Qd8 34. R3f2
Qf8 35. Qd1 Qf7 36. Qxh5# 1-0

[Event "OGD Prinsenstad-toernooi - A groep"]
[Site "Delft"]
[Date "2010.04.02"]
[Round "1.2"]
[White "Ootes, Lennart"]
[Black "Nikolic, Pedrag"]
[Result "0-1"]
[WhiteElo "2088"]
[BlackElo "2596"]
[PlyCount "60"]
[EventDate "2010.04.02"]
[EventType "tourn"]
[EventRounds "6"]
[EventCountry "NED"]
[Source "DSC"]
[SourceDate "2010.02.04"]

1. e4 e6 2. d4 d5 3. Nc3 Bb4 4. e5 c5 5. a3 Bxc3+ 6. bxc3 Qc7 7. Qg4 f6 8. Nf3
c4 9. Qg3 Nc6 10. Bf4 Qf7 11. h4 Bd7 12. Be2 O-O-O 13. Kd2 Nge7 14. h5 Rhf8 15.
Rhf1 Qxh5 16. exf6 Nf5 17. Qg5 Qxg5 18. Nxg5 gxf6 19. Nxh7 Rf7 20. Nxf6 Rxf6
21. Bg5 Rg6 22. Bxd8 Kxd8 23. g3 Rg7 24. Rh1 Nd6 25. Bf3 Rf7 26. Ke2 Nb5 27.
Rh8+ Ke7 28. Ke3 Nxc3 29. Rah1 e5 30. dxe5 d4+ 0-1

[Event "OGD Prinsenstad-toernooi - A groep"]
[Site "Delft"]
[Date "2010.04.02"]
[Round "1.3"]
[White "Reinderman, Dimitri"]
[Black "Schröer, Marcel"]
[Result "1-0"]
[WhiteElo "2578"]
[BlackElo "2080"]
[PlyCount "73"]
[EventDate "2010.04.02"]
[EventType "tourn"]
[EventRounds "6"]
[EventCountry "NED"]
[Source "DSC"]
[SourceDate "2010.02.04"]

1. c4 e5 2. g3 Nf6 3. Bg2 d5 4. cxd5 Nxd5 5. Nc3 Nb6 6. Nf3 Nc6 7. O-O Be7 8.
a3 O-O 9. b4 Be6 10. Rb1 f6 11. d3 Nd4 12. Nd2 c6 13. e3 Nb5 14. Qc2 Qd7 15.
Nce4 Rad8 16. Nc5 Bxc5 17. bxc5 Nd5 18. Ne4 b6 19. a4 Nbc7 20. Ba3 b5 21. Nd6
a6 22. e4 Ne7 23. f4 Nc8 24. a5 Ne8 25. Rbc1 Nc7 26. fxe5 fxe5 27. Qc3 Rxf1+
28. Bxf1 Nxd6 29. cxd6 Ne8 30. Qxc6 Rc8 31. Qxd7 Bxd7 32. Rxc8 Bxc8 33. d4 exd4
34. e5 g6 35. Bg2 Ng7 36. Bc6 d3 37. Bb4 1-0

[Event "OGD Prinsenstad-toernooi - A groep"]
[Site "Delft"]
[Date "2010.04.02"]
[Round "1.4"]
[White "Goes, Sten"]
[Black "Van den Doel, Erik"]
[Result "1/2-1/2"]
[WhiteElo "2067"]
[BlackElo "2578"]
[PlyCount "89"]
[EventDate "2010.04.02"]
[EventType "tourn"]
[EventRounds "6"]
[EventCountry "NED"]
[Source "DSC"]
[SourceDate "2010.02.04"]

1. e4 c5 2. Nf3 e6 3. d4 cxd4 4. Nxd4 Nc6 5. Nb5 d6 6. Bf4 e5 7. Be3 a6 8. N5c3
Nf6 9. Bg5 Be7 10. Bxf6 Bxf6 11. Nd2 O-O 12. Nc4 b5 13. Qxd6 bxc4 14. Qxc6 Be6
15. Be2 Qb8 16. Rb1 Rc8 17. Qa4 Rc5 18. O-O Qc7 19. Nd5 Bxd5 20. exd5 e4 21. b3
Rxd5 22. Qxc4 Qxc4 23. Bxc4 Rd2 24. Rbe1 Rxc2 25. a4 a5 26. Rxe4 Rd8 27. Rfe1
Kf8 28. Kf1 Bc3 29. Rb1 Rdd2 30. Be2 f5 31. Re6 Kf7 32. Re3 Bd4 33. Bc4+ Kf8
34. Re2 Rxe2 35. Bxe2 Ra2 36. g3 Ra1 37. Rxa1 Bxa1 38. Bd3 g6 39. h4 Bd4 40. h5
Kg7 41. f4 Kf6 42. hxg6 hxg6 43. Ke2 Bc5 44. Kf3 Bb4 45. Bb5 1/2-1/2

[Event "OGD Prinsenstad-toernooi - A groep"]
[Site "Delft"]
[Date "2010.04.02"]
[Round "1.4"]
[White "Nicoll, Noah"]
[Black "Anink, Marco"]
[Result "1-0"]
[WhiteElo "1771"]
[BlackElo "1933"]
[PlyCount "35"]
[EventDate "2010.04.02"]
[EventType "tourn"]
[EventRounds "6"]
[EventCountry "NED"]
[Source "DSC"]
[SourceDate "2010.02.04"]

1. d4 Nc6 2. c4 e5 3. d5 Nce7 4. e4 Ng6 5. Nc3 Bc5 6. Nf3 a5 7. Be2 h6 8. h4 h5
9. Bg5 Be7 10. d6 cxd6 11. Nd5 Ra6 12. Be3 Rc6 13. Qb3 Nxh4 14. Nxh4 Bxh4 15.
Bb6 Rxb6 16. Qxb6 Qxb6 17. Nxb6 Bd8 18. Nxc8 1-0

[Event "OGD Prinsenstad-toernooi - A groep"]
[Site "Delft"]
[Date "2010.04.02"]
[Round "1.5"]
[White "Haslinger, Stewart"]
[Black "Vlam, Hora"]
[Result "1-0"]
[WhiteElo "2548"]
[BlackElo "2067"]
[Annotator "Prinsenstad-toernooi"]
[PlyCount "53"]
[EventDate "2010.04.02"]
[EventType "tourn"]
[EventRounds "6"]
[EventCountry "NED"]
[Source "DSC"]
[SourceDate "2010.02.04"]

1. e4 c5 2. Nf3 Nc6 3. d4 cxd4 4. Nxd4 g6 5. c4 Nf6 6. Nc3 Nxd4 7. Qxd4 d6 8.
Bg5 Bg7 9. Qd2 Be6 10. Rc1 O-O 11. Bd3 Qa5 12. b3 Rfc8 13. O-O a6 14. a4 Qb4
15. Qc2 h6 16. Bd2 Qb6 17. Be3 Qb4 18. Bd2 Qb6 19. Qa2 Nd7 20. a5 Qd8 21. Nd5
b6 22. axb6 Nxb6 23. Ba5 Bd4 24. Qd2 Kh7 25. Be2 Bc5 26. b4 Bxd5 27. bxc5 {
er blijft een stuk hangen en zwart geeft op.} 1-0

[Event "OGD Prinsenstad-toernooi - A groep"]
[Site "Delft"]
[Date "2010.04.02"]
[Round "1.6"]
[White "Segers, Hans"]
[Black "Ootes, Lars"]
[Result "0-1"]
[WhiteElo "1929"]
[BlackElo "2400"]
[Annotator "Prinsenstad-toernooi"]
[PlyCount "44"]
[EventDate "2010.04.02"]
[EventType "tourn"]
[EventRounds "6"]
[EventCountry "NED"]
[Source "DSC"]
[SourceDate "2010.02.04"]

1. e4 c5 2. Nf3 e6 3. d4 cxd4 4. Nxd4 Nc6 5. c4 Nf6 6. Nc3 Bb4 7. Nxc6 bxc6 8.
e5 Ne4 9. Qd4 Qa5 10. Bd2 Nxd2 11. Kxd2 Rb8 12. Kc2 Bc5 13. Qf4 Bb6 14. Bd3 Bc7
15. Rhe1 f6 16. Qg4 Bxe5 17. Qxg7 Rxb2+ 18. Kd1 Rf8 19. Bxh7 Qxc3 20. Bg6+ Kd8
21. Qxf8+ Kc7 22. Qh6 Rxf2 {en wit loopt mat.} 0-1

[Event "OGD Prinsenstad-toernooi - A groep"]
[Site "Delft"]
[Date "2010.04.02"]
[Round "1.7"]
[White "Slingerland, Fred"]
[Black "De Wilde, Rik"]
[Result "1-0"]
[WhiteElo "2385"]
[BlackElo "2037"]
[PlyCount "81"]
[EventDate "2010.04.02"]
[EventType "tourn"]
[EventRounds "6"]
[EventCountry "NED"]
[Source "DSC"]
[SourceDate "2010.02.04"]

1. e4 e6 2. d4 d5 3. Nc3 Nf6 4. Bg5 Bb4 5. exd5 Qxd5 6. Nf3 Ne4 7. Bd2 Bxc3 8.
bxc3 Nd7 9. c4 Qh5 10. Bd3 Nxd2 11. Qxd2 O-O 12. O-O c5 13. c3 Rd8 14. Rfe1 b6
15. d5 Bb7 16. dxe6 fxe6 17. Qe3 Bxf3 18. gxf3 Ne5 19. Be2 Qf5 20. Bd1 Nxc4 21.
Qxe6+ Qxe6 22. Rxe6 Nd6 23. Bb3 c4 24. Bc2 Kf7 25. Re3 Re8 26. a4 g6 27. Rd1
Rxe3 28. fxe3 Ke6 29. Rd4 Rc8 30. Kf2 Rc7 31. f4 Rf7 32. h4 Rc7 33. e4 Rc5 34.
Kf3 b5 35. e5 Nf5 36. Bxf5+ gxf5 37. axb5 Rxb5 38. Rxc4 a5 39. Ke3 Rb2 40. Rc6+
Kd5 41. Ra6 1-0

[Event "OGD Prinsenstad-toernooi - A groep"]
[Site "Delft"]
[Date "2010.04.02"]
[Round "1.9"]
[White "Villwock, Martin"]
[Black "Brookes, Christopher"]
[Result "1-0"]
[WhiteElo "2238"]
[BlackElo "2023"]
[PlyCount "45"]
[EventDate "2010.04.02"]
[EventType "tourn"]
[EventRounds "6"]
[EventCountry "NED"]
[Source "DSC"]
[SourceDate "2010.02.04"]

1. e4 c5 2. Nf3 d6 3. d4 cxd4 4. Nxd4 Nf6 5. Nc3 g6 6. Be3 Bg7 7. f3 Nc6 8. Qd2
O-O 9. O-O-O Nxd4 10. Bxd4 Be6 11. h4 Qa5 12. a3 Rfc8 13. h5 Nxh5 14. g4 Nf6
15. Qh2 a6 16. Be2 h6 17. f4 Bc4 18. g5 hxg5 19. e5 dxe5 20. fxe5 Nd7 21. e6
Nf6 22. Bxf6 exf6 23. e7 1-0

[Event "OGD Prinsenstad-toernooi - A groep"]
[Site "Delft"]
[Date "2010.04.02"]
[Round "1.10"]
[White "Van der Leij, Arjan"]
[Black "Van der Beek, Ruud"]
[Result "1-0"]
[WhiteElo "2022"]
[BlackElo "2016"]
[PlyCount "41"]
[EventDate "2010.04.02"]
[EventType "tourn"]
[EventRounds "6"]
[EventCountry "NED"]
[Source "DSC"]
[SourceDate "2010.02.04"]

1. e4 Nc6 2. d4 d5 3. exd5 Qxd5 4. Nf3 Bg4 5. Be2 O-O-O 6. Be3 e5 7. Nc3 Bb4 8.
O-O Bxc3 9. bxc3 e4 10. Nd2 Bxe2 11. Qxe2 f5 12. Rab1 Nf6 13. Rb5 Qe6 14. Nb3
Nd5 15. Rxb7 Rde8 16. Nc5 Qg6 17. Qb5 f4 18. Bxf4 Nxf4 19. Rxc7+ Kd8 20. Rd7+
Kc8 21. Qb7# 1-0

[Event "OGD Prinsenstad-toernooi - A groep"]
[Site "Delft"]
[Date "2010.04.03"]
[Round "2.1"]
[White "Kirana, Marco"]
[Black "Fedorchuk, Sergey"]
[Result "0-1"]
[WhiteElo "2192"]
[BlackElo "2649"]
[PlyCount "50"]
[EventDate "2010.04.02"]
[EventType "tourn"]
[EventRounds "6"]
[EventCountry "NED"]
[Source "DSC"]
[SourceDate "2010.02.04"]

1. Nf3 Nf6 2. d4 e6 3. g3 b5 4. Bg2 Bb7 5. O-O c5 6. b3 Na6 7. a4 b4 8. Bb2 Be7
9. Nbd2 O-O 10. c4 bxc3 11. Bxc3 d5 12. Rc1 cxd4 13. Nxd4 Bb4 14. Bxb4 Nxb4 15.
Nc4 Rb8 16. Ne5 Qd6 17. Nd3 Nxd3 18. Qxd3 e5 19. Nb5 Qb6 20. Qf5 a6 21. Nc7 Qd6
22. f4 e4 23. Qe5 Qb6+ 24. Kh1 Ng4 25. Nxd5 Qh6 0-1

[Event "OGD Prinsenstad-toernooi - A groep"]
[Site "Delft"]
[Date "2010.04.03"]
[Round "2.2"]
[White "Nikolic, Pedrag"]
[Black "Meng, Roger"]
[Result "1-0"]
[WhiteElo "2596"]
[BlackElo "2167"]
[PlyCount "79"]
[EventDate "2010.04.02"]
[EventType "tourn"]
[EventRounds "6"]
[EventCountry "NED"]
[Source "DSC"]
[SourceDate "2010.02.04"]

1. d4 Nf6 2. Nf3 e6 3. c4 b6 4. g3 Bb7 5. Bg2 d5 6. O-O Be7 7. cxd5 exd5 8. Nc3
O-O 9. Bf4 Nh5 10. Be3 Nd7 11. Rc1 Nhf6 12. Ne1 Re8 13. Nd3 Ne4 14. b4 a6 15.
a4 Bd6 16. Bf4 Bxf4 17. Nxf4 Ndf6 18. Qc2 Rc8 19. Bh3 Rb8 20. b5 Re7 21. e3
Nxc3 22. Qxc3 Ne4 23. Qb2 Qd6 24. Rc2 c6 25. bxc6 Bxc6 26. Qa2 Nf6 27. Rfc1 Rc7
28. Bf1 a5 29. Qb3 g5 30. Nd3 Ne8 31. Ne5 Bb7 32. Bh3 Rd8 33. Rxc7 Nxc7 34. Qc2
Ne8 35. Bg4 f6 36. Nf7 Kxf7 37. Qxh7+ Kf8 38. Qxb7 Rb8 39. Qa7 Rd8 40. Rb1 1-0